[Event "Ruhrgebiet Verbandsklasse Gruppe 3 1819"]
[Site "Nordrheinwestfalen"]
[Date "2019.05.05"]
[Round "9.1"]
[White "Lindenmaier, Reinhard"]
[Black "Oltmanns, Jan"]
[Result "1-0"]
[WhiteElo "2037"]
[BlackElo "1929"]
[PlyCount "79"]
[EventDate "2018.09.23"]
[EventType "team-tourn"]
[EventRounds "9"]
[EventCountry "GER"]
[SourceTitle "EXT 2022"]
[Source "ChessBase"]
[SourceDate "2021.10.06"]
[SourceVersion "1"]
[SourceVersionDate "2021.10.06"]
[SourceQuality "1"]
[WhiteTeam "Ruettenscheid Rochade"]
[BlackTeam "Muelheim Nord IV"]
[WhiteTeamCountry "GER"]
[BlackTeamCountry "GER"]

1. c4 Nf6 2. g3 Nc6 3. Bg2 e5 4. Nc3 Bc5 5. e3 0-0 6. Nge2 d6 7. 0-0 Bf5 8. d4 exd4 9. exd4 Bb6 10. a3 a5 11. Bg5 Bg4 12. h3 Bxe2 13. Nxe2 h6 14. Be3 d5 15. c5 Ba7 16. Nc3 b6 17. cxb6 Bxb6 18. Rc1 Qd7 19. Na4 Rab8 20. Nxb6 cxb6 21. Qd3 Rfc8 22. Bf4 Rb7 23. g4 a4 24. Be5 Nxe5 25. dxe5 Rxc1 26. Rxc1 Ne4 27. Bxe4 dxe4 28. Qxe4 Rc7 29. Rxc7 Qxc7 30. Qxa4 Qc1+ 31. Kg2 Qxb2 32. Qe8+ Kh7 33. Qxf7 Qxe5 34. Qf5+ Qxf5 35. gxf5 Kg8 36. Kf3 Kf7 37. Ke4 Kf6 38. a4 h5 39. h4 Kf7 40. Kd5 1-0

[Event "Ruhrgebiet Verbandsklasse Gruppe 3 1819"]
[Site "Nordrheinwestfalen"]
[Date "2019.03.24"]
[Round "8.1"]
[White "Sharma, Danesh"]
[Black "Lindenmaier, Reinhard"]
[Result "1/2-1/2"]
[WhiteElo "1885"]
[BlackElo "2017"]
[PlyCount "148"]
[EventDate "2018.09.23"]
[EventType "team-tourn"]
[EventRounds "9"]
[EventCountry "GER"]
[SourceTitle "EXT 2022"]
[Source "ChessBase"]
[SourceDate "2021.10.06"]
[SourceVersion "1"]
[SourceVersionDate "2021.10.06"]
[SourceQuality "1"]
[WhiteTeam "Welper SV II"]
[BlackTeam "Ruettenscheid Rochade"]
[WhiteTeamCountry "GER"]
[BlackTeamCountry "GER"]

1. e4 Nf6 2. e5 Nd5 3. d4 d6 4. Nf3 dxe5 5. Nxe5 c6 6. Bc4 Nd7 7. Nf3 N7b6 8. Bb3 Bg4 9. 0-0 e6 10. h3 Bh5 11. Re1 Be7 12. c3 0-0 13. Nbd2 c5 14. dxc5 Bxc5 15. Ne4 Be7 16. Ng3 Bg6 17. Ne5 Rc8 18. Nxg6 hxg6 19. Ne4 Qc7 20. Qf3 Nc4 21. Bxc4 Qxc4 22. b3 Qa6 23. c4 Nb4 24. Bb2 f6 25. Qc3 b5 26. c5 Nd5 27. Qg3 g5 28. h4 gxh4 29. Qxh4 Bxc5 30. Nxc5 Rxc5 31. a4 b4 32. Qg4 e5 33. Rad1 Qc8 34. Qg6 Nf4 35. Qe4 a5 36. Bd4 Rc6 37. Be3 Ne6 38. Rc1 Rxc1 39. Rxc1 Qd7 40. Qc6 Rd8 41. Bb6 Qxc6 42. Rxc6 Rd1+ 43. Kh2 Nd4 44. Rc8+ Kf7 45. Bxa5 Nxb3 46. Bxb4 Rd4 47. Rb8 Rd5 48. Rb7+ Ke6 49. Rxg7 Nc5 50. Bxc5 Rxc5 51. Ra7 Rc2 52. f3 Kf5 53. Ra8 e4 54. fxe4+ Kxe4 55. a5 Kf4 56. a6 Rb2 57. Rf8 Ra2 58. Rxf6+ Kg5 59. Rb6 Kg4 60. Kg1 Kg3 61. Rg6+ Kf4 62. Kf1 Ke3 63. Re6+ Kf4 64. Rg6 Ke3 65. Re6+ Kf4 66. Ke1 Kf5 67. Rb6 Ke4 68. Kd1 Rxg2 69. Rb8 Ra2 70. Ra8 Kd5 71. a7 Kc6 72. Rc8+ Kb7 73. a8Q+ Rxa8 74. Rxa8 Kxa8 1/2-1/2

[Event "Ruhrgebiet Verbandsklasse Gruppe 3 1819"]
[Site "Nordrheinwestfalen"]
[Date "2019.02.03"]
[Round "6.1"]
[White "Wagner, Norbert"]
[Black "Lindenmaier, Reinhard"]
[Result "1-0"]
[WhiteElo "2030"]
[BlackElo "2017"]
[PlyCount "71"]
[EventDate "2018.09.23"]
[EventType "team-tourn"]
[EventRounds "9"]
[EventCountry "GER"]
[SourceTitle "EXT 2022"]
[Source "ChessBase"]
[SourceDate "2021.10.06"]
[SourceVersion "1"]
[SourceVersionDate "2021.10.06"]
[SourceQuality "1"]
[WhiteTeam "Brambauer"]
[BlackTeam "Ruettenscheid Rochade"]
[WhiteTeamCountry "GER"]
[BlackTeamCountry "GER"]

1. f4 d5 2. g3 g6 3. Bg2 Bg7 4. c3 c6 5. d3 Nd7 6. Nh3 Qb6 7. Nf2 Ngf6 8. e4 e5 9. Qe2 0-0 10. 0-0 dxe4 11. dxe4 exf4 12. gxf4 Qb5 13. Qxb5 cxb5 14. e5 Nh5 15. Na3 a6 16. Be3 g5 17. fxg5 Bxe5 18. Ng4 Bc7 19. Bd4 f6 20. gxf6 Kf7 21. Be4 Bb6 22. Nh6+ Ke6 23. Bf5+ Kd6 24. Rad1 Bxd4+ 25. Rxd4+ Kc7 26. f7 Ndf6 27. Bxc8 Raxc8 28. Rf5 Rcd8 29. Nc2 Rxd4 30. Nxd4 Kd7 31. Nf3 Ke7 32. Ng5 Rd8 33. Re5+ Kd6 34. Re6+ Kd7 35. Nf5 Rf8 36. Re7+ 1-0

[Event "Ruhrgebiet Verbandsklasse Gruppe 3 1819"]
[Site "Nordrheinwestfalen"]
[Date "2018.09.23"]
[Round "1.1"]
[White "Gasper, Joern"]
[Black "Lindenmaier, Reinhard"]
[Result "1-0"]
[WhiteElo "2033"]
[BlackElo "2017"]
[PlyCount "61"]
[EventDate "2018.09.23"]
[EventType "team-tourn"]
[EventRounds "9"]
[EventCountry "GER"]
[SourceTitle "EXT 2022"]
[Source "ChessBase"]
[SourceDate "2021.10.06"]
[SourceVersion "1"]
[SourceVersionDate "2021.10.06"]
[SourceQuality "1"]
[WhiteTeam "Waltrop SV"]
[BlackTeam "Ruettenscheid Rochade"]
[WhiteTeamCountry "GER"]
[BlackTeamCountry "GER"]

1. e4 d5 2. exd5 Nf6 3. Nf3 Nxd5 4. d4 Bg4 5. h3 Bh5 6. c4 Nf6 7. g4 Bg6 8. Ne5 Nbd7 9. Nxg6 hxg6 10. Bg2 c6 11. 0-0 e6 12. Nc3 Nb6 13. g5 Nh7 14. c5 Nd5 15. Nxd5 cxd5 16. Qd3 Be7 17. f4 0-0 18. Bd2 Re8 19. h4 Nf8 20. b4 Qc7 21. Rfc1 Rec8 22. a4 Nd7 23. Rc2 Nb6 24. Bc1 Nc4 25. Qd1 a6 26. Bf1 b5 27. Bd3 f5 28. h5 Kf7 29. hxg6+ Kxg6 30. axb5 Rh8 31. Rxa6 1-0

[Event "Ruhrgebiet Verbandsklasse Gruppe 3 1718"]
[Site "Germany"]
[Date "2017.12.03"]
[Round "4.2"]
[White "Lindenmaier, Reinhard"]
[Black "Hermanowski, Mark"]
[Result "1/2-1/2"]
[WhiteElo "1995"]
[BlackElo "1840"]
[PlyCount "151"]
[EventDate "2017.09.17"]
[EventType "team-tourn"]
[EventRounds "9"]
[EventCountry "GER"]
[SourceTitle "EXT 2022"]
[Source "ChessBase"]
[SourceDate "2021.10.06"]
[SourceVersion "1"]
[SourceVersionDate "2021.10.06"]
[SourceQuality "1"]
[WhiteTeam "Ruettenscheid Rochade"]
[BlackTeam "Hervest Dorsten"]
[WhiteTeamCountry "GER"]
[BlackTeamCountry "GER"]

1. c4 e6 2. g3 Nc6 3. Bg2 b6 4. Nc3 Bb7 5. d4 Bb4 6. Nf3 h5 7. h4 Qe7 8. 0-0 Bxc3 9. bxc3 Na5 10. Qa4 Bc6 11. Qc2 Nxc4 12. e4 0-0-0 13. a4 d5 14. Ne5 Nxe5 15. dxe5 Qc5 16. exd5 Bxd5 17. Be3 Qc6 18. Bxd5 Rxd5 19. a5 Ne7 20. axb6 axb6 21. Bg5 Kd7 22. Bxe7 Kxe7 23. Rfe1 g5 24. Qc1 gxh4 25. Qg5+ Kf8 26. Qxh4 Rh6 27. Qg5 Rg6 28. Qxh5 Kg7 29. Re3 Rc5 30. Rc1 b5 31. Qe2 Rh6 32. Qg4+ Kf8 33. Qe4 Qd7 34. Rd3 Rd5 35. Rcd1 c6 36. c4 bxc4 37. Qxc4 Rh5 38. Qb4+ Kg7 39. Qg4+ Kh6 40. Qf4+ Kh7 41. Qe4+ Kh8 42. g4 Rh4 43. f3 Qa7+ 44. Rd4 Qa2 45. Qf4 Rxd4 46. Rxd4 Qa1+ 47. Kf2 Qb2+ 48. Ke3 Qa3+ 49. Ke4 Qe7 50. Qf6+ Qxf6 51. exf6 Kh7 52. Rc4 Kg6 53. Ke5 Rh3 54. f4 Re3+ 55. Kd4 Rg3 56. g5 Kf5 57. Rxc6 Kxf4 58. Rxe6 Kxg5 59. Ra6 Rf3 60. Ke5 Rf5+ 61. Ke4 Rxf6 62. Ra1 Rb6 63. Rg1+ Kf6 64. Rf1+ Ke6 65. Rh1 Rb4+ 66. Kf3 f6 67. Rh5 f5 68. Rh8 Ke5 69. Re8+ Kf6 70. Rf8+ Kg6 71. Rg8+ Kf7 72. Ra8 Re4 73. Ra6 Re6 74. Ra5 Kf6 75. Ra8 Kg7 76. Rc8 1/2-1/2

[Event "Ruhrgebiet Verbandsklasse Gruppe 2 1617"]
[Site "Germany"]
[Date "2017.03.12"]
[Round "8.3"]
[White "Lindenmaier, Reinhard"]
[Black "Weier, Daniel"]
[Result "1-0"]
[WhiteElo "1949"]
[BlackElo "1893"]
[PlyCount "125"]
[EventDate "2016.09.04"]
[EventType "team-tourn"]
[EventRounds "9"]
[EventCountry "GER"]
[SourceTitle "EXT 2022"]
[Source "ChessBase"]
[SourceDate "2021.10.06"]
[SourceVersion "1"]
[SourceVersionDate "2021.10.06"]
[SourceQuality "1"]
[WhiteTeam "Ruettenscheid Rochade"]
[BlackTeam "Annen Sport Union"]
[WhiteTeamCountry "GER"]
[BlackTeamCountry "GER"]

1. c4 Nf6 2. g3 e6 3. Bg2 d5 4. Nf3 Be7 5. 0-0 0-0 6. d4 c5 7. cxd5 exd5 8. Nc3 Nc6 9. Bg5 c4 10. b3 Qa5 11. Na4 h6 12. Bd2 Bb4 13. Bxb4 Qxb4 14. e3 Bf5 15. bxc4 Qxc4 16. Qb3 b5 17. Nc5 Ne4 18. Rfc1 Nxc5 19. Qd1 Qb4 20. Rxc5 Rac8 21. Rxd5 Ne7 22. a3 Qb2 23. Rc5 Rfd8 24. Qc1 Qe2 25. Qe1 Qb2 26. Qc1 Qe2 27. Qf1 Qxf1+ 28. Bxf1 Rxc5 29. dxc5 Rb8 30. Nd4 a6 31. Rc1 Be4 32. f3 Bc6 33. Kf2 a5 34. Rb1 b4 35. axb4 axb4 36. Bc4 Bd5 37. Bxd5 Nxd5 38. c6 g6 39. e4 Nc7 40. Ke3 Kf8 41. Kd3 Ke8 42. Kc4 Na6 43. Ra1 Rb6 44. Ra5 b3 45. Nxb3 Rxc6+ 46. Nc5 Nxc5 47. Rxc5 Ra6 48. Kd3 Ra1 49. Rc2 Ra3+ 50. Ke2 h5 51. h4 Ke7 52. Rd2 Ke6 53. Rd3 Ra1 54. Ke3 f6 55. Kf4 Ra5 56. Rb3 g5+ 57. hxg5 fxg5+ 58. Ke3 Ra6 59. f4 g4 60. f5+ Kf6 61. Kf4 Ra4 62. Rb6+ Kf7 63. Rh6 1-0

[Event "NRW Verbandsklasse Group3 1314"]
[Site "Nordrheinwestfalen"]
[Date "2013.12.15"]
[Round "5.3"]
[White "Tig, Achmet"]
[Black "Lindenmaier, Reinhard"]
[Result "0-1"]
[WhiteElo "1906"]
[BlackElo "1982"]
[PlyCount "68"]
[EventDate "2013.09.08"]
[EventType "team-tourn"]
[EventRounds "9"]
[EventCountry "GER"]
[SourceTitle "EXT 2020"]
[Source "ChessBase"]
[SourceDate "2019.10.17"]
[SourceVersion "1"]
[SourceVersionDate "2019.10.17"]
[SourceQuality "1"]
[WhiteTeam "Hervest Dorsten"]
[BlackTeam "Wacker Bergeborbeck"]
[WhiteTeamCountry "GER"]
[BlackTeamCountry "GER"]

1. d4 d6 2. Nf3 Bg4 3. e4 c6 4. c4 Nf6 5. Nc3 g6 6. Be2 Bg7 7. 0-0 0-0 8. Be3 Nbd7 9. h3 Bxf3 10. Bxf3 Qc7 11. Rc1 Rac8 12. Be2 a6 13. f4 c5 14. Nd5 Nxd5 15. cxd5 Qa5 16. a3 cxd4 17. Rxc8 Rxc8 18. Bxd4 Bxd4+ 19. Qxd4 Rc2 20. Bd3 Qd2 21. Rf2 Qc1+ 22. Bf1 Rxf2 23. Qxf2 Nc5 24. e5 Ne4 25. Qh4 Nd2 26. Qf2 Nxf1 27. Qxf1 Qxb2 28. exd6 exd6 29. Qf3 Qd4+ 30. Kh2 b5 31. Kg3 a5 32. h4 b4 33. axb4 axb4 34. h5 Qc3 0-1

[Event "Ruhrgebiet VK3 1213"]
[Site "Nordrheinwestfalen"]
[Date "2013.04.07"]
[Round "8"]
[White "Dekhtyaryuk, Dimitri"]
[Black "Lindenmaier, Reinhard"]
[Result "1/2-1/2"]
[WhiteElo "1831"]
[BlackElo "1989"]
[PlyCount "38"]
[EventDate "2012.09.02"]
[EventType "team-tourn"]
[EventRounds "9"]
[EventCountry "GER"]
[SourceTitle "EXT 2020"]
[Source "ChessBase"]
[SourceDate "2019.10.17"]
[SourceVersion "1"]
[SourceVersionDate "2019.10.17"]
[SourceQuality "1"]
[WhiteTeam "Eichlinghofen SV II"]
[BlackTeam "Wacker Bergeborbeck"]
[WhiteTeamCountry "GER"]
[BlackTeamCountry "GER"]

1. c4 c5 2. Nc3 Nf6 3. Nf3 d5 4. cxd5 Nxd5 5. g3 Nc7 6. Bg2 Nc6 7. 0-0 e5 8. b3 Be7 9. Bb2 0-0 10. Rc1 f6 11. Ne4 Ne6 12. e3 Nb4 13. a3 Nd3 14. Rb1 Nxb2 15. Rxb2 Bd7 16. a4 Bc6 17. Qc2 Rc8 18. Rd1 f5 19. Nc3 Bxf3 1/2-1/2

[Event "Ruhrgebiet VK3 1213"]
[Site "Nordrheinwestfalen"]
[Date "2013.02.03"]
[Round "6.3"]
[White "Lindenmaier, Reinhard"]
[Black "Wojdyla, Martin"]
[Result "1/2-1/2"]
[WhiteElo "1989"]
[BlackElo "1915"]
[PlyCount "89"]
[EventDate "2012.09.02"]
[EventType "team-tourn"]
[EventRounds "9"]
[EventCountry "GER"]
[SourceTitle "EXT 2020"]
[Source "ChessBase"]
[SourceDate "2019.10.17"]
[SourceVersion "1"]
[SourceVersionDate "2019.10.17"]
[SourceQuality "1"]
[WhiteTeam "Wacker Bergeborbeck"]
[BlackTeam "Brackel SF III"]
[WhiteTeamCountry "GER"]
[BlackTeamCountry "GER"]

1. d4 f5 2. e4 fxe4 3. Nc3 Nf6 4. Bg5 Nc6 5. d5 Ne5 6. Qd4 d6 7. Bxf6 exf6 8. Qxe4 f5 9. Qa4+ Bd7 10. Bb5 Be7 11. Bxd7+ Qxd7 12. Qxd7+ Kxd7 13. Nge2 Bf6 14. 0-0-0 Rhe8 15. h3 Re7 16. Nd4 g6 17. b3 Rae8 18. f4 Nf7 19. Rd3 Re3 20. Kd2 Bxd4 21. Rxd4 Nh6 22. Rd3 R3e7 23. a4 Ng8 24. Rg1 Nf6 25. g4 fxg4 26. hxg4 c6 27. f5 gxf5 28. dxc6+ bxc6 29. gxf5 Re5 30. Rf3 R8e7 31. Kd3 Nd5 32. Nxd5 Rxd5+ 33. Kc3 Rf7 34. Rh1 Ke7 35. Rfh3 Rdxf5 36. Rxh7 Ke6 37. R1h6+ Ke5 38. Rh5 Ke4 39. Rh4+ Ke5 40. R4h5 a5 41. Rxf7 Rxh5 42. Ra7 Ke4 43. Ra6 Rc5+ 44. Kd2 Kd4 45. Rb6 1/2-1/2

[Event "Ruhrgebiet VK3 1213"]
[Site "Nordrheinwestfalen"]
[Date "2012.12.02"]
[Round "4.2"]
[White "Richter, Rainer"]
[Black "Lindenmaier, Reinhard"]
[Result "1/2-1/2"]
[WhiteElo "1954"]
[BlackElo "1989"]
[PlyCount "21"]
[EventDate "2012.09.02"]
[EventType "team-tourn"]
[EventRounds "9"]
[EventCountry "GER"]
[SourceTitle "EXT 2020"]
[Source "ChessBase"]
[SourceDate "2019.10.17"]
[SourceVersion "1"]
[SourceVersionDate "2019.10.17"]
[SourceQuality "1"]
[WhiteTeam "Essen Ueberruhr"]
[BlackTeam "Wacker Bergeborbeck"]
[WhiteTeamCountry "GER"]
[BlackTeamCountry "GER"]

1. d4 d6 2. Nf3 Bg4 3. e4 Nf6 4. Bd3 e6 5. Nbd2 Be7 6. h3 Bh5 7. Nf1 Bg6 8. Ng3 d5 9. exd5 Qxd5 10. 0-0 Bxd3 11. Qxd3 1/2-1/2

[Event "Ruhrgebiet VK3 1112"]
[Site "Nordrheinwestfalen"]
[Date "2012.04.22"]
[Round "9"]
[White "Lindenmaier, Reinhard"]
[Black "Huegel, Guido"]
[Result "1-0"]
[WhiteElo "1985"]
[BlackElo "1885"]
[PlyCount "140"]
[EventDate "2012.09.18"]
[EventType "team-tourn"]
[EventRounds "9"]
[EventCountry "GER"]
[SourceTitle "EXT 2020"]
[Source "ChessBase"]
[SourceDate "2019.10.17"]
[SourceVersion "1"]
[SourceVersionDate "2019.10.17"]
[SourceQuality "1"]
[WhiteTeam "Wacker Bergeborbeck"]
[BlackTeam "Werl SC 1981"]
[WhiteTeamCountry "GER"]
[BlackTeamCountry "GER"]

1. c4 e5 2. Nc3 Nc6 3. e4 Nf6 4. g3 Bb4 5. Bg2 d6 6. Nge2 Bg4 7. f3 Be6 8. Nd5 Bc5 9. d3 h6 10. b4 Nxb4 11. Rb1 Nbxd5 12. cxd5 Bd7 13. d4 exd4 14. Nxd4 Qc8 15. 0-0 0-0 16. Kh1 Re8 17. Bb2 Bb6 18. Qd2 Qd8 19. g4 Nh7 20. Nf5 Bxf5 21. gxf5 Qe7 22. Bh3 f6 23. Bg4 Qf7 24. Qe1 c6 25. Qh4 Qd7 26. Bh5 Re7 27. dxc6 Qxc6 28. Qg3 Kh8 29. Rbc1 Qd7 30. Rfd1 Rd8 31. Bd4 Bxd4 32. Rxd4 Re5 33. Rdc4 Rc5 34. Rxc5 dxc5 35. Rxc5 Qd1+ 36. Qg1 Nf8 37. Rc7 Qxg1+ 38. Kxg1 Rd7 39. Rc2 g6 40. fxg6 Kg7 41. h4 b5 42. Kh2 Re7 43. Rg2 b4 44. Bg4 Kxg6 45. Be6+ Kh7 46. Bg8+ Kh8 47. Bd5 Kh7 48. Rb2 a5 49. a3 bxa3 50. Ra2 Ng6 51. Kg3 Ne5 52. Rxa3 Ra7 53. h5 Kg7 54. Kf4 Nd7 55. Kf5 Nf8 56. f4 Ra6 57. Rg3+ Kh7 58. Bg8+ Kh8 59. Bc4 Ra8 60. Bd5 Rb8 61. Kxf6 Nh7+ 62. Ke7 a4 63. Ra3 Rb4 64. Kf7 Rb6 65. Rxa4 Nf6 66. Be6 Ng8 67. Ra8 Rb7+ 68. Kg6 Rg7+ 69. Kf5 Kh7 70. Bxg8+ Rxg8 1-0

[Event "Ruhrgebiet VK3 1112"]
[Site "Nordrheinwestfalen"]
[Date "2012.03.04"]
[Round "7"]
[White "Lindenmaier, Reinhard"]
[Black "Boehm, Juergen1111"]
[Result "0-1"]
[WhiteElo "1985"]
[BlackElo "2232"]
[PlyCount "78"]
[EventDate "2012.09.18"]
[EventType "team-tourn"]
[EventRounds "9"]
[EventCountry "GER"]
[SourceTitle "EXT 2020"]
[Source "ChessBase"]
[SourceDate "2019.10.17"]
[SourceVersion "1"]
[SourceVersionDate "2019.10.17"]
[SourceQuality "1"]
[WhiteTeam "Wacker Bergeborbeck"]
[BlackTeam "Brackel SF II"]
[WhiteTeamCountry "GER"]
[BlackTeamCountry "GER"]

1. d4 d5 2. Nf3 Nf6 3. e3 Bf5 4. c4 e6 5. Nc3 c6 6. Be2 Nbd7 7. Nh4 Bg6 8. cxd5 exd5 9. Bd2 Bd6 10. Nxg6 hxg6 11. h3 Kf8 12. Qb3 Qc7 13. 0-0-0 Re8 14. Kb1 Ne4 15. Nxe4 Rxe4 16. Rc1 Nf6 17. Bf3 Re7 18. Bb4 Kg8 19. Qa3 Bxb4 20. Qxb4 Re6 21. Rhd1 Kh7 22. Qc5 Qb6 23. Qc2 Ne4 24. Bxe4 Rxe4 25. g3 Qd8 26. h4 Qf6 27. Rd2 Qf3 28. Qd1 Qxd1 29. Rdxd1 Kh6 30. Kc2 g5 31. Rh1 gxh4 32. f3 Ree8 33. Rxh4+ Kg6 34. Rg4+ Kf6 35. e4 Rh2+ 36. Kb3 g5 37. Rc5 Rf2 38. f4 Rxe4 39. Rxg5 Ree2 0-1

[Event "Ruhrgebiet VK3 0910"]
[Site "Ruhrgebiet"]
[Date "2010.04.18"]
[Round "9.5"]
[White "Lindenmaier, Reinhard"]
[Black "Pahne, Dirk"]
[Result "1/2-1/2"]
[WhiteElo "2185"]
[BlackElo "1964"]
[PlyCount "89"]
[EventDate "2009.09.06"]
[EventType "team"]
[EventRounds "9"]
[EventCountry "GER"]
[SourceTitle "EXT 2011"]
[Source "ChessBase"]
[SourceDate "2010.11.26"]
[SourceVersion "1"]
[SourceVersionDate "2010.11.26"]
[SourceQuality "1"]
[WhiteTeam "Wacker Bergeborbeck"]
[BlackTeam "Rochade Eving"]
[WhiteTeamCountry "GER"]
[BlackTeamCountry "GER"]

1. d4 Nf6 2. Nf3 d5 3. e3 Bg4 4. c4 e6 5. Qb3 Qc8 6. Ne5 c6 7. Bd3 Nbd7 8. Nxg4 Nxg4 9. h3 Ngf6 10. Nc3 g6 11. Bd2 Bg7 12. cxd5 exd5 13. Rc1 0-0 14. 0-0 Re8 15. Qc2 Qd8 16. b4 a6 17. Na4 Ne4 18. Bxe4 Rxe4 19. Nc5 Nxc5 20. bxc5 Re7 21. Rb1 f5 22. g3 Qc8 23. Kg2 Qe6 24. Rb6 Rf8 25. Rfb1 Rff7 26. R1b3 Qe4+ 27. Qxe4 fxe4 28. Rb2 Rd7 29. Ba5 Bf6 30. R6b3 Kf8 31. h4 Ke8 32. Rb1 Bd8 33. Bd2 Bf6 34. Rf1 h6 35. f3 exf3+ 36. Rxf3 Bg7 37. Rb1 Rxf3 38. Kxf3 Rf7+ 39. Ke2 Kd8 40. Ba5+ Kc8 41. Rf1 Rxf1 42. Kxf1 Kd7 43. Kf2 Ke6 44. Kf3 Bf6 45. Bc7 1/2-1/2

[Event "Ruhrgebiet VK3 0910"]
[Site "Ruhrgebiet"]
[Date "2009.09.06"]
[Round "1.5"]
[White "Riesenbeck, Juergen"]
[Black "Lindenmaier, Reinhard"]
[Result "0-1"]
[WhiteElo "2105"]
[BlackElo "2185"]
[PlyCount "63"]
[EventDate "2009.09.06"]
[EventType "team"]
[EventRounds "9"]
[EventCountry "GER"]
[SourceTitle "EXT 2011"]
[Source "ChessBase"]
[SourceDate "2010.11.26"]
[SourceVersion "1"]
[SourceVersionDate "2010.11.26"]
[SourceQuality "1"]
[WhiteTeam "Katernberg III"]
[BlackTeam "Wacker Bergeborbeck"]
[WhiteTeamCountry "GER"]
[BlackTeamCountry "GER"]

1. e4 Nf6 2. d3 d5 3. Nd2 e5 4. Ngf3 Bg4 5. Be2 dxe4 6. dxe4 Nbd7 7. c3 Be7 8. Qc2 0-0 9. Nc4 Bxf3 10. Bxf3 c6 11. a4 Qc7 12. 0-0 Nc5 13. b4 Ne6 14. Be3 b5 15. Na3 a6 16. Qb3 bxa4 17. Qxa4 c5 18. Rfc1 Qb7 19. Nc4 Nd7 20. Na5 Qc7 21. Be2 Nf4 22. Bf1 Nf6 23. f3 Rfc8 24. Kh1 g5 25. Nb3 c4 26. Nc5 Bxc5 27. bxc5 Ne6 28. Qxc4 Nxc5 29. Bxc5 a5 30. Bd4 Qxc4 31. Bxc4 Rxc4 32. Bxe5 0-1

[Event "Ruhrgebiet VK3 0708"]
[Site "Germany"]
[Date "2008.04.06"]
[Round "8.1"]
[White "Sondermann, Dirk"]
[Black "Lindenmaier, Reinhard"]
[Result "1/2-1/2"]
[WhiteElo "2129"]
[BlackElo "2206"]
[PlyCount "31"]
[EventDate "2007.09.16"]
[EventType "team"]
[EventRounds "9"]
[EventCountry "GER"]
[SourceTitle "EXT 2009"]
[Source "ChessBase"]
[SourceDate "2008.11.26"]
[SourceVersion "1"]
[SourceVersionDate "2008.11.26"]
[SourceQuality "1"]
[WhiteTeam "Witten"]
[BlackTeam "Bergeborbeck Wacker"]
[WhiteTeamCountry "GER"]
[BlackTeamCountry "GER"]

1. d4 Nf6 2. c4 e6 3. Nc3 Bb4 4. Qc2 Bxc3+ 5. Qxc3 b6 6. Bg5 Bb7 7. f3 d5 8. cxd5 exd5 9. Bxf6 gxf6 10. Rc1 c6 11. Nh3 Nd7 12. Nf4 Qe7 13. Kf2 Qd6 14. g3 0-0-0 15. b4 Kb8 16. Bg2 1/2-1/2

[Event "Ruhrgebiet VK3 0708"]
[Site "Germany"]
[Date "2008.02.17"]
[Round "6.1"]
[White "Lindenmaier, Reinhard"]
[Black "Plambeck, Joachim"]
[Result "1-0"]
[WhiteElo "2206"]
[BlackElo "1188"]
[PlyCount "27"]
[EventDate "2007.09.16"]
[EventType "team"]
[EventRounds "9"]
[EventCountry "GER"]
[SourceTitle "EXT 2009"]
[Source "ChessBase"]
[SourceDate "2008.11.26"]
[SourceVersion "1"]
[SourceVersionDate "2008.11.26"]
[SourceQuality "1"]
[WhiteTeam "Bergeborbeck Wacker"]
[BlackTeam "Bergh Wambel"]
[WhiteTeamCountry "GER"]
[BlackTeamCountry "GER"]

1. c4 e6 2. Nf3 Nf6 3. g3 g6 4. Bg2 Bg7 5. 0-0 0-0 6. d4 c6 7. Nc3 d5 8. Bg5 Qc7 9. Rc1 Re8 10. Bxf6 Bxf6 11. cxd5 cxd5 12. Nxd5 Qd8 13. Rxc8 Qd7 14. Nxf6+ 1-0

[Event "Ruhrgebiet VK3 0708"]
[Site "Germany"]
[Date "2007.09.16"]
[Round "1.1"]
[White "Claussen, Uwe"]
[Black "Lindenmaier, Reinhard"]
[Result "0-1"]
[WhiteElo "2170"]
[BlackElo "2206"]
[PlyCount "84"]
[EventDate "2007.09.16"]
[EventType "team"]
[EventRounds "9"]
[EventCountry "GER"]
[SourceTitle "EXT 2009"]
[Source "ChessBase"]
[SourceDate "2008.11.26"]
[SourceVersion "1"]
[SourceVersionDate "2008.11.26"]
[SourceQuality "1"]
[WhiteTeam "Essen Werden"]
[BlackTeam "Bergeborbeck Wacker"]
[WhiteTeamCountry "GER"]
[BlackTeamCountry "GER"]

1. e4 c6 2. d4 d5 3. e5 Bf5 4. Nf3 e6 5. Be2 c5 6. c3 Nd7 7. 0-0 Ne7 8. dxc5 Nxc5 9. Nd4 a6 10. Bg5 h6 11. Nxf5 exf5 12. Be3 Nc6 13. Re1 Be7 14. b4 Ne6 15. Bf3 f4 16. Bd2 0-0 17. Qb3 d4 18. Bxc6 bxc6 19. Qc4 c5 20. cxd4 Qxd4 21. Qxd4 Nxd4 22. Nc3 Nc2 23. Nd5 Ra7 24. Bxf4 Nxa1 25. Rxa1 cxb4 26. Be3 Rd7 27. Nxe7+ Rxe7 28. Bc5 Rxe5 29. Bxf8 Kxf8 30. Kf1 Ke7 31. Rb1 Re4 32. f3 Rc4 33. Rb2 Kd6 34. Ke2 Kc5 35. Kd3 Rc3+ 36. Ke4 a5 37. Rd2 Kc6 38. g4 a4 39. Rd4 b3 40. Rxa4 b2 41. Rb4 Rc4+ 42. Rxc4+ Kb5 0-1

[Event "Ruhrgebiet VK3 0405"]
[Site "Ruhrgebiet"]
[Date "2005.02.20"]
[Round "7.7"]
[White "Lindenmaier, Reinhard"]
[Black "Holtkamp, Patrik"]
[Result "1-0"]
[WhiteElo "2046"]
[BlackElo "1790"]
[PlyCount "80"]
[EventDate "2004.09.12"]
[EventType "team"]
[EventRounds "9"]
[EventCountry "GER"]
[SourceTitle "EXT 2006"]
[Source "ChessBase"]
[SourceDate "2005.11.24"]
[SourceVersion "1"]
[SourceVersionDate "2005.11.24"]
[SourceQuality "1"]
[WhiteTeam "Wacker Bergeborbeck"]
[BlackTeam "Dortmund 1875"]
[WhiteTeamCountry "GER"]
[BlackTeamCountry "GER"]

1. e4 c5 2. c4 g6 3. g3 Bg7 4. Bg2 Nc6 5. Ne2 d6 6. Nbc3 Nf6 7. 0-0 0-0 8. d4 cxd4 9. Nxd4 Ng4 10. Nxc6 bxc6 11. Qc2 Qc7 12. h3 Ne5 13. b3 Nd7 14. Be3 Bb7 15. Rac1 a5 16. Rfd1 Rfd8 17. c5 Nxc5 18. Bxc5 dxc5 19. Na4 Rxd1+ 20. Rxd1 c4 21. Qxc4 Rd8 22. Rd3 Rxd3 23. Qxd3 c5 24. h4 Bd4 25. Nc3 Qd6 26. Nd5 Kg7 27. Ne3 Ba6 28. Qd2 Bxe3 29. Qxe3 c4 30. bxc4 e5 31. c5 Qd1+ 32. Kh2 Qd4 33. c6 Qxe3 34. fxe3 f5 35. exf5 gxf5 36. Bh3 Kf6 37. e4 fxe4 38. c7 e3 39. Kg1 e2 40. Kf2 e4 1-0